[Event "Buenos Aires La Porta Cup"]
[Site "Buenos Aires"]
[Date "2019.03.29"]
[Round "9"]
[White "Villegas, Franco"]
[Black "Artana, Rodrigo"]
[Result "1-0"]
[WhiteElo "2231"]
[BlackElo "2008"]
[PlyCount "61"]
[EventDate "2019.03.20"]
[EventType "swiss"]
[EventRounds "9"]
[EventCountry "ARG"]
[SourceTitle "CBM 189 Extra"]
[Source "ChessBase"]
[SourceDate "2019.06.03"]
[SourceVersion "1"]
[SourceVersionDate "2019.06.03"]
[SourceQuality "1"]

1. e4 c5 2. Nf3 d6 3. d4 cxd4 4. Nxd4 Nf6 5. Nc3 a6 6. Bg5 e6 7. f4 Be7 8. Qf3 Qc7 9. 0-0-0 Nbd7 10. f5 e5 11. Nb3 b5 12. a3 Bb7 13. Bxf6 Nxf6 14. Nd5 Nxd5 15. exd5 Rc8 16. Bd3 Qb6 17. Kb1 0-0 18. f6 Bxf6 19. Qf5 Rfd8 20. Qxh7+ Kf8 21. Be4 a5 22. Rhf1 Ke7 23. g4 a4 24. g5 axb3 25. gxf6+ gxf6 26. Rxf6 bxc2+ 27. Ka2 Rf8 28. Rdf1 c1N+ 29. Kb1 Kd8 30. Rxf7 Rxf7 31. Rxf7 1-0

[Event "Caba Legislatura Cup"]
[Site "Caba"]
[Date "2018.04.09"]
[Round "4"]
[White "Artana, Rodrigo"]
[Black "Barrionuevo, Pablo"]
[Result "1-0"]
[WhiteElo "2004"]
[BlackElo "2256"]
[PlyCount "55"]
[EventDate "2018.04.06"]
[EventType "swiss"]
[EventRounds "9"]
[EventCountry "ARG"]
[SourceTitle "CBM 184 Extra"]
[Source "ChessBase"]
[SourceDate "2018.06.28"]
[SourceVersion "1"]
[SourceVersionDate "2018.06.28"]
[SourceQuality "1"]

1. d4 d5 2. c4 e6 3. Nc3 c5 4. Nf3 Nc6 5. cxd5 exd5 6. g3 Nf6 7. Bg2 Be7 8. 0-0 0-0 9. h3 cxd4 10. Nxd4 Qb6 11. e3 Rd8 12. Nce2 Ne4 13. b3 Nxd4 14. Nxd4 Qh6 15. Kh2 Bd7 16. Bd2 Rac8 17. Rc1 Bf6 18. Rxc8 Rxc8 19. Bb4 Ng5 20. g4 Ne4 21. f4 Qh4 22. Be1 Qh6 23. g5 Bxg5 24. fxg5 Nxg5 25. Nf5 Qe6 26. Qd4 f6 27. Bxd5 Rc2+ 28. Kg3 1-0

[Event "Buenos Aires Duchamp Boca op 3rd"]
[Site "Buenos Aires"]
[Date "2013.06.28"]
[Round "8"]
[White "Fernandez, Maria Florencia"]
[Black "Artana, Rodrigo"]
[Result "1-0"]
[WhiteElo "2134"]
[BlackElo "1980"]
[PlyCount "71"]
[EventDate "2013.06.20"]
[EventType "swiss"]
[EventRounds "9"]
[EventCountry "ARG"]
[SourceTitle "CBM 155 Extra"]
[Source "ChessBase"]
[SourceDate "2013.08.26"]
[SourceVersion "1"]
[SourceVersionDate "2013.08.26"]
[SourceQuality "1"]

1. d4 Nf6 2. c4 e6 3. Nc3 Bb4 4. e3 b6 5. Bd3 Bb7 6. f3 0-0 7. e4 d5 8. cxd5 exd5 9. e5 Re8 10. a3 Bf8 11. Nge2 Nfd7 12. Qc2 c5 13. f4 cxd4 14. Nb5 Nc6 15. Bxh7+ Kh8 16. Bf5 Nc5 17. 0-0 g6 18. Rf3 Ne4 19. Rh3+ Kg8 20. Bxe4 dxe4 21. Qxe4 a6 22. Qd3 axb5 23. Bd2 b4 24. Rg3 Bg7 25. Qb3 Na5 26. Qxb4 Bf8 27. Qa4 Bc5 28. Kh1 d3 29. Ng1 Bf2 30. Rh3 Qd5 31. Nf3 Nb3 32. Qb4 Nxa1 33. f5 Nc2 34. Qg4 Qe4 35. Qg5 Be3 36. Qf6 1-0

[Event "Buenos Aires Duchamp Boca op 3rd"]
[Site "Buenos Aires"]
[Date "2013.06.27"]
[Round "7"]
[White "Mahia, Gustavo"]
[Black "Artana, Rodrigo"]
[Result "1-0"]
[WhiteElo "2377"]
[BlackElo "1980"]
[PlyCount "83"]
[EventDate "2013.06.20"]
[EventType "swiss"]
[EventRounds "9"]
[EventCountry "ARG"]
[SourceTitle "CBM 155 Extra"]
[Source "ChessBase"]
[SourceDate "2013.08.26"]
[SourceVersion "1"]
[SourceVersionDate "2013.08.26"]
[SourceQuality "1"]

1. d4 Nf6 2. c4 g6 3. Nc3 d5 4. cxd5 Nxd5 5. Na4 Bg7 6. e4 Nb6 7. Be3 0-0 8. Nf3 Nxa4 9. Qxa4 c5 10. 0-0-0 Qc7 11. Kb1 cxd4 12. Bxd4 Nc6 13. Bxg7 Kxg7 14. Bb5 Bd7 15. Nd4 Rfd8 16. Bxc6 Bxc6 17. Nxc6 bxc6 18. g3 c5 19. Rxd8 Rxd8 20. Rd1 e5 21. Rd5 Rb8 22. Qc2 Rb4 23. Rxc5 Qd6 24. Rd5 Qb8 25. f3 f6 26. Rd7+ Kg8 27. Qd2 Qb5 28. Rd8+ Kg7 29. Qd7+ Kh6 30. Qxb5 Rxb5 31. Rd7 a5 32. Rd5 Rxd5 33. exd5 Kg7 34. Kc2 Kf7 35. Kc3 Ke7 36. b4 axb4+ 37. Kxb4 f5 38. Kc5 g5 39. a4 e4 40. fxe4 f4 41. gxf4 gxf4 42. Kd4 1-0

[Event "Buenos Aires Duchamp Boca op 3rd"]
[Site "Buenos Aires"]
[Date "2013.06.23"]
[Round "3"]
[White "Artana, Rodrigo"]
[Black "Caceres Recalde, Gonzalo"]
[Result "0-1"]
[WhiteElo "1980"]
[BlackElo "1633"]
[PlyCount "50"]
[EventDate "2013.06.20"]
[EventType "swiss"]
[EventRounds "9"]
[EventCountry "ARG"]
[SourceTitle "CBM 155 Extra"]
[Source "ChessBase"]
[SourceDate "2013.08.26"]
[SourceVersion "1"]
[SourceVersionDate "2013.08.26"]
[SourceQuality "1"]

1. e4 c5 2. Nf3 d6 3. d4 cxd4 4. Nxd4 Nf6 5. Nc3 g6 6. Be3 Bg7 7. f3 Nc6 8. Qd2 0-0 9. Bc4 Bd7 10. 0-0-0 Rb8 11. g4 Na5 12. Bb3 b5 13. Nd5 Nc4 14. Bxc4 bxc4 15. h4 Nxd5 16. exd5 Qb6 17. c3 Qa5 18. a3 Ba4 19. Nc6 Bxc6 20. dxc6 Rb3 21. Bd4 Rfb8 22. c7 Qxc7 23. Bxg7 Qa5 24. Bd4 Qxa3 25. Qc2 Rxb2 0-1

[Event "Buenos Aires Duchamp Boca op 3rd"]
[Site "Buenos Aires"]
[Date "2013.06.21"]
[Round "2"]
[White "Barrionuevo, Pablo"]
[Black "Artana, Rodrigo"]
[Result "1-0"]
[WhiteElo "2287"]
[BlackElo "1980"]
[PlyCount "89"]
[EventDate "2013.06.20"]
[EventType "swiss"]
[EventRounds "9"]
[EventCountry "ARG"]
[SourceTitle "CBM 155 Extra"]
[Source "ChessBase"]
[SourceDate "2013.08.26"]
[SourceVersion "1"]
[SourceVersionDate "2013.08.26"]
[SourceQuality "1"]

1. e4 c5 2. Nc3 Nc6 3. g3 g6 4. Bg2 Bg7 5. d3 d6 6. f4 Nh6 7. Nf3 0-0 8. 0-0 Rb8 9. h3 f5 10. Nh2 Nd4 11. Nd5 e6 12. Ne3 Nc6 13. g4 Ne7 14. Qe1 b5 15. Rb1 d5 16. Bd2 d4 17. Nd1 Nf7 18. Nf2 Qd7 19. c3 Bb7 20. Nf3 Rfe8 21. cxd4 cxd4 22. Qd1 Kh8 23. Re1 a6 24. Qb3 Nc6 25. Rbc1 Rbc8 26. a4 Nd6 27. axb5 axb5 28. Ng5 h6 29. exf5 hxg5 30. fxe6 Qe7 31. fxg5 Ne5 32. Rxc8 Rxc8 33. Bf4 Bxg2 34. Kxg2 Qb7+ 35. Ne4 Nxe4 36. Rxe4 Nc6 37. e7 Nxe7 38. Qe6 Rc2+ 39. Kg3 Nc6 40. Qxg6 Ne5 41. Qh5+ Kg8 42. Qe8+ Kh7 43. Bxe5 Bxe5+ 44. Qxe5 Qf7 45. Qf5+ 1-0

[Event "Buenos Aire Argentino CC"]
[Site "Buenos Aires"]
[Date "2013.06.13"]
[Round "1.6"]
[White "Wolfsdorf, Alexis"]
[Black "Artana, Rodrigo"]
[Result "0-1"]
[WhiteElo "1760"]
[BlackElo "1978"]
[PlyCount "64"]
[EventDate "2013.06.13"]
[EventType "swiss"]
[EventRounds "9"]
[EventCountry "ARG"]
[SourceTitle "EXT 2024"]
[Source "ChessBase"]
[SourceDate "2023.10.10"]
[SourceVersion "1"]
[SourceVersionDate "2023.10.10"]
[SourceQuality "1"]

1. d4 Nf6 2. e3 g6 3. Bd3 Bg7 4. f4 0-0 5. Nf3 c5 6. c3 d6 7. 0-0 Nc6 8. Bd2 e5 9. Bc2 Qb6 10. b3 cxd4 11. cxd4 exd4 12. exd4 Nd5 13. Na3 Nxd4 14. Kh1 Bg4 15. Be4 Nf6 16. Nc4 Qc7 17. Ba5 Qe7 18. Bxb7 Qxb7 19. Qxd4 Ne4 20. Qe3 Rfe8 21. Nfd2 Qd5 22. Nxe4 Rxe4 23. Qd2 Rd4 24. Qe1 Rd3 25. Rc1 Bh3 26. Rf2 Bf6 27. Re2 Kg7 28. Bb4 Re8 29. Qf2 Bxg2+ 30. Kg1 Bd4 31. Ne3 Rdxe3 32. Rxe3 Bxe3 0-1